00373 a2200145 4500003000400000005001700004008004100021040000900062082001800071100002000089245005800109250001200167260003800179300001000217OSt20240131091408.0240131b |||||||| |||| 00| 0 eng d coclc a297.63bWAH/P aWahab, K. Abdul aPravachakan Karanja Sandharbhangal /cWahab, K. Abdul a1st ed. aThrissur:bVicharam Books,c2019. a112p.